Himnos

Wedi'i Gadw mewn:
Manylion Llyfryddiaeth
Prif Awdur: Calímaco (Awdur)
Fformat: Llyfr
Iaith:Sbaeneg
Cyhoeddwyd: Madrid Aguilar 1972
Cyfres:Biblioteca de Iniciación al Humanismo
Pynciau:
Tagiau: Ychwanegu Tag
Dim Tagiau, Byddwch y cyntaf i dagio'r cofnod hwn!

MARC

LEADER 00000nam a2200000 a 4500
001 UCO5536
003 CL-VaPUC
008 000908e19720000SP |||||||||||||||||spa|d
082 0 4 |a 881  |b CAL  |2 21 
100 0 |a Calímaco  |e author  |9 440648 
245 1 0 |a Himnos 
300 |a 120 p 
942 |c BK 
945 |d 20000908 00:00:00  |a crobeson 
260 |a Madrid  |b Aguilar  |c 1972 
650 0 |a Poesía griega  |9 265627 
650 7 |a POESIA LIRICA  |2 CL-VaPUC  |9 319262 
650 7 |a LITERATURA GRIEGA  |2 CL-VaPUC  |9 258054 
583 |a last modification  |c 20000908 00:00:00  |k Rodrigo Vera 
490 0 |a Biblioteca de Iniciación al Humanismo 
999 |c 291393  |d 291391 
952 |0 0  |1 0  |4 0  |6 881_000000000000000_CAL_1972  |7 0  |8 A  |9 341225  |a BIBART  |b BIBART  |d 2019-11-20  |i 1221418  |o 881 CAL 1972  |p 1221418  |r 2025-03-13  |w 2019-11-20  |y BK  |k ART